00923nam a2200229 i 450000100060000000300090000600500170001500800410003202000180007308000260009110000440011724500450016126000400020630000280024650501510027460000550042571000380048085200250051894200080054399900170055195201250056810682ES-MaACL20250822062525.0951004s1994 sp a |||| | spa d a84-604-9246-X a74 Goya, Francisco de1 aGoya, Francisco de, d1746-1828924035310aCuaderno italiano / cFrancisco de Goya. aMadrid : bMuseo del Prado, c1994. a2 v. : bil. ; c20 cm.8 aContiene: 1. Edición facsímil del "Cuaderno italiano" de Goya - 2. El Cuaderno italiano: 1770-1786: los orígenes del arte de Goya [estudios]17aGoya, Francisco de,d1746-1828- xDibujo291700632 aMuseo Nacional del Prado.9160001 aES-MaACLjL-17983-84 2udc c10682d10682 00104070aATENEOMbATENEOMcDEPO2d2008-01-17eSCl0oL-17983-84p1010896r2023-02-23 00:00:00w2023-02-23yMONOGRAFIA